000 00987na a2200277 4500
001 17559
003 MIRAKIL
005 20181213155247.0
008 170204b tu 000 0
020 _a9757045187
035 _a17559
040 _aMilas
_btur
_cTR-AnCHP
041 _atur
082 _a322.509561
_bY28i 2005
090 _a322.509561 Y28i 2005
100 _aYavi, Ersal
_d1943-
245 _aİhtilalci subaylar
_b3. kitap
_cErsal Yavi
260 _aİzmir
_bYazıcı Yayınevi
_c2005
300 _a708 s.
_c20 sm.
500 _aYapıt yazarından imzalıdır.
500 _aDış kapak yapıt adı:Türk ordusu içindeki gizli ihtilal örgütleri: fotoğraflar, belgeler, tanıklar, anılarla 1964-1994 dönemi
650 _aDevlet
_xAskeri örgütler
_zTürkiye
651 _aTürkiye
_xAskeri darbeler
_y1964-1994
740 _aTürk ordusu içindeki gizli ihtilal örgütleri: fotoğraflar, belgeler, tanıklar, anılarla 1964-1994 dönemi
942 _2ddc
_cBKS
999 _c9468
_d9468